00448 2200181 4500001002100000005001500021008004100036020002200077035001900099041000700118082000800125090001400133100002100147245002800168260002600196300003200222650001200254INLIS00000000000289520241224112624241224||||||||| | ||| |||| || |  a978-979-709-504-8 0010-1224002895 aid0 a920 a920 ASV m0 aAsvi Warman Adam00aMenguak Misteri Sejarah aJakartabKompasc2010 axii, 292 hlm.; ilus.: 21 cm 0aSejarah